| 000 | 01273nas a2200277Ia 4500 | ||
|---|---|---|---|
| 001 | R262-R6299 | ||
| 003 | IT-CnALBA | ||
| 008 | 170116c99999999xx |||||||||||| ||und|| | ||
| 040 |
_aIT-CnALBA _cIT-CnALBA |
||
| 041 | _aITALIANO | ||
| 100 | _aSEQUERI PIERANGELO | ||
| 210 | _aTEOLOGIA | ||
| 222 | _aTEOLOGIA | ||
| 245 | 0 | _aTEOLOGIA. RIVISTA DELLA FACOLTÀ TEOLOGICA DELL'ITALIA SETTENTRIONALE. GIUGNO 1998. | |
| 250 | _a1a ed. | ||
| 260 |
_aMILANO _bGLOSSA EDIZIONI _c1998 [1° Ed.:1998 - Ed.Ling.Originale: 1998] |
||
| 300 | _a118 p. | ||
| 310 | _aTRIMESTRALE | ||
| 362 | _aFascicolo: 2 / Anno: 23 (1998) | ||
| 500 | _aARTE E RELIGIONE, CURA PASTORALE E PROGETTO CULTURALE. L'ECCLESIALITA' DELLA TEOLOGIA. CHIODI M. MAZZOCATO G. REICHLIN M. EUTANASIA E MODELLI TEORICI IN BIOETICA. RISPOSTA A RULLA. PROCREAZIONE TECNOLOGIA E MORALE. | ||
| 501 | _aSocietà San Paolo EM - Piazza San Paolo, 14 - 12051 ALBA (CN) (non commercial uses only) ® Copyright 2017 | ||
| 520 | _aARTE E RELIGIONE, CURA PASTORALE E PROGETTO CULTURALE. L'ECCLESIALITA' DELLA TEOLOGIA. CHIODI M. MAZZOCATO G. REICHLIN M. EUTANASIA E MODELLI TEORICI IN BIOETICA. RISPOSTA A RULLA. PROCREAZIONE TECNOLOGIA E MORALE. | ||
| 650 | _aDOGMATICA CRISTIANA | ||
| 942 | _cCR | ||
| 957 | _71 | ||
| 999 |
_a57866 _bNO _g1 _c324893 _d324893 |
||